| 000 | 00358 a2200145 4500 | ||
|---|---|---|---|
| 005 | 20250618124723.0 | ||
| 020 | _a978-0-0-07-338095-7 | ||
| 100 | _aGREWAL, D | ||
| 245 | _aMarketing | ||
| 250 | _a2nd Ed | ||
| 260 |
_aNew York _bMcgraw Hill Irwin _c2010 |
||
| 300 |
_axiii, 683p.: ill; Figure,Graph, Table _bIndex _c28cm |
||
| 600 | _tLEVY,M | ||
| 942 |
_2ddc _cBKS |
||
| 999 |
_c4295 _d4295 |
||